00652nam a2200181 a 450000500170000000800410001702000150005805000230007310000240009624500630012026000770018330000210026052100080028165000290028994200170031899900170033595201180035220140310183156.0021111s19uu xx 00 eng d a9717070598 aRA 971b.P953 1998 aMercado, Remigio D. aA primer on hospital administration /cRemigio D. Mercado. aMandaluyong City, Philippines :bAcademic Publishing Corporation,c1998. a162 p. :c23 cm. aNUR aHospitalxadministration cBK2lcckLOC c19768d19768 00102lcc40aCLbCLcGCd2010-06-15g167.00l0oRA 971 .P953 1998pC1200r2018-05-15 00:00:00t1w2013-10-10yBK